Match the invention to the...footballer - Statistics

General Stats
  • This quiz has been taken 12 times
  • The average score is 5 of 15
Answer Stats
Hint Explanation Answer % Correct
Gravity Isaac Newton, UK Bobby Moore
91%
Periodic table Dmitri Mendeleev, Russia Andrey Arshavin
64%
Dynamite Alfred Nobel, Sweden Henrik Larsson
64%
Car Karl Benz, Germany Manuel Neuer
64%
Battery Alessandro Volta, Italy Franco Baresi
36%
Alternating current power system Nikola Tesla, Croatia Luka Modric
36%
Light bulb Thomas Edison, USA Christian Pulisic
27%
Hot air balloon Montgolfier brothers, France Dayot Upamecano
27%
Printing (moveable type) Bi Sheng, China Zheng Zhi
27%
America Leif Erikson, Iceland Eiður Guðjohnsen
18%
Rubik's Cube Ernő Rubik, Hungary Ferenc Puskas
18%
Footballs (modern ones) Eigil Nielsen, Denmark, invented the modern design with 12 pentagons and 20 hexagons Michael Laudrup
9%
Electric shower Francisco Canhos Navarro Pelé
9%
Microscope Zacharias Janssen, Netherlands Ruud Gullit
9%
Mercator map projection Gerardus Mercator, Belgium Kevin de Bruyne
0%
No matching quizzes found
Score Distribution
Percent of People with Each Score
Percentile by Number Answered
Your Score History
You have not taken this quiz